Clubs de Ligue 1 (2024-2025) - Statistiques

Statistiques générales
  • Ce quiz a été pris 300 fois
  • Le résultat moyen est 15 sur 18
Statistiques - réponses
% Correct
Ligue 1 Paris Saint-Germain
99%
Ligue 1 Olympique de Marseille
98%
Ligue 1 Olympique Lyonnais
97%
Ligue 1 LOSC
94%
Ligue 1 AS Monaco
93%
Ligue 1 AS Saint-Étienne
91%
Ligue 1 Stade Brestois
91%
Ligue 1 Stade Rennais
89%
Ligue 1 OGC Nice
88%
Ligue 1 RC Strasbourg
88%
Ligue 1 FC Nantes
87%
Ligue 1 RC Lens
86%
Ligue 1 Montpellier
84%
Ligue 1 Toulouse
82%
Ligue 1 Stade de Reims
80%
Ligue 1 Angers SCO
70%
Ligue 1 AJ Auxerre
67%
Ligue 1 Le Havre
65%
Aucun quiz correspondant
Distribution des résultats
% des personnes avec chaque résultat
Percentile par nombre de réponses
Votre historique - résultats
Vous n’avez pas pris ce quiz